000
00307nam a22001217a 4500
999
_c
67579
_d
67576
082
_a
624
_b
ISM
100
_a
Ismail, M. Abdel Kader
245
_a
Introduction to civil engineering materials
260
_a
Malaysia, Univer:
_b
Tekonologi
_c
2007.
300
_a
778p.
650
_a
Civil engineering
942
_c
BK